[Event "Mitropa Cup 17th"]
[Site "Montecatini Terme"]
[Date "1997.??.??"]
[Round "3"]
[White "Wirthensohn, Heinz"]
[Black "Benitah, Yohan"]
[Result "1-0"]
[WhiteElo "2365"]
[BlackElo "2350"]
[PlyCount "139"]
[EventDate "1997.11.07"]
[EventType "team-tourn"]
[EventRounds "9"]
[EventCountry "ITA"]
[Source "ChessBase"]
[SourceDate "1998.03.09"]

1. Nf3 Nf6 2. c4 c5 3. Nc3 Nc6 4. e3 d5 5. cxd5 Nxd5 6. Bb5 e6 7. O-O Be7 8. d4
cxd4 9. exd4 O-O 10. Re1 Ncb4 11. Ne5 Nc7 12. Be2 f6 13. Nf3 Bd7 14. a3 Nbd5
15. Bd3 Rc8 16. Qc2 f5 17. Bd2 Nb6 18. Qb3 Bf6 19. Bxf5 Kh8 20. Be4 Bc6 21.
Rad1 Ncd5 22. Qa2 Be8 23. Nxd5 exd5 24. Bf5 Rc7 25. Bb4 Be7 26. Bxe7 Rxe7 27.
Rxe7 Qxe7 28. Re1 Qf6 29. Be6 Bc6 30. Qb1 Nc4 31. Qc1 Nd6 32. Re5 Nc4 33. Rf5
Qd8 34. Qf4 Rxf5 35. Qxf5 Qf6 36. Qg4 g6 37. Ng5 h6 38. Nf7+ Kg7 39. h4 Be8 40.
Ne5 Nxe5 41. dxe5 Qxe5 42. Bd7 Bf7 43. Qb4 b6 44. Bg4 d4 45. Bf3 Qf6 46. Qa4 a5
47. Qd7 Qe5 48. g3 h5 49. Kf1 Qc5 50. Be4 b5 51. Ke2 b4 52. axb4 axb4 53. Kd3
Qc4+ 54. Kd2 b3 55. Qd6 Qa4 56. Qc5 Qd7 57. Kd3 Kg8 58. Qxd4 Qb5+ 59. Ke3 Qf1
60. Qd2 Qa6 61. Qd8+ Kg7 62. Qd4+ Kf8 63. Kf4 Kg8 64. Kg5 Qc8 65. f4 Qe8 66.
Qe5 Qc8 67. Qd6 Kg7 68. Qf6+ Kg8 69. Bxg6 Qc5+ 70. Bf5 1-0

[Event "Mitropa Cup 17th"]
[Site "Montecatini Terme"]
[Date "1997.??.??"]
[Round "3"]
[White "Zelcic, Robert"]
[Black "Varga, Zoltan"]
[Result "1/2-1/2"]
[WhiteElo "2530"]
[BlackElo "2495"]
[PlyCount "101"]
[EventDate "1997.11.07"]
[EventType "team-tourn"]
[EventRounds "9"]
[EventCountry "ITA"]
[Source "ChessBase"]
[SourceDate "1998.03.09"]

1. e4 e5 2. Nf3 Nc6 3. d4 exd4 4. Nxd4 Nf6 5. Nxc6 bxc6 6. Bd3 d5 7. exd5 cxd5
8. Bb5+ Bd7 9. Bxd7+ Qxd7 10. O-O Be7 11. c4 d4 12. Qd3 O-O 13. Bg5 Rab8 14. b3
Nd5 15. Bxe7 Nxe7 16. Nc3 Qd8 17. Na4 Nc6 18. Rad1 Qd6 19. Qg3 Qxg3 20. hxg3
Rfe8 21. Rfe1 f5 22. Kf1 Kf7 23. Nc5 a5 24. Na6 Rxe1+ 25. Kxe1 Rb7 26. Kd2 Nb4
27. Nc5 Rb6 28. a3 Na6 29. Nxa6 Rxa6 30. Kd3 c5 31. Re1 Rb6 32. Rb1 Kf6 33. b4
axb4 34. axb4 Rxb4 35. Rxb4 cxb4 36. Kxd4 Ke6 37. c5 b3 38. Kc3 Kd5 39. Kxb3
Kxc5 40. Kc3 Kd5 41. Kd3 g5 42. Ke3 h6 43. Kd3 Ke5 44. Ke3 Kd5 45. Kd3 h5 46.
Ke3 Kc4 47. Ke2 Kc3 48. Ke3 Kc4 49. Ke2 Kd4 50. Kd2 Ke4 51. Ke2 1/2-1/2

[Event "Mitropa Cup 17th"]
[Site "Montecatini Terme"]
[Date "1997.??.??"]
[Round "4"]
[White "Acs, Peter"]
[Black "Naumann, Alexander"]
[Result "1-0"]
[WhiteElo "2460"]
[BlackElo "2385"]
[PlyCount "115"]
[EventDate "1997.11.07"]
[EventType "team-tourn"]
[EventRounds "9"]
[EventCountry "ITA"]
[Source "ChessBase"]
[SourceDate "1998.03.09"]

1. e4 c5 2. Nf3 Nf6 3. Nc3 d5 4. exd5 Nxd5 5. Ne5 Nf6 6. g3 Nbd7 7. d4 e6 8.
Bf4 cxd4 9. Qxd4 Bc5 10. Qc4 Qe7 11. O-O-O O-O 12. Bg2 Nb6 13. Qd3 Nbd5 14. Bg5
h6 15. Bxd5 exd5 16. Bxf6 Qxf6 17. f4 Bf5 18. Nxd5 Qe6 19. Qf3 Qa6 20. g4 Be6
21. Kb1 Bd6 22. Rhe1 f6 23. Nc4 Qxc4 24. Rxe6 Rad8 25. Rxd6 Rxd6 26. Ne7+ Kf7
27. Rxd6 Kxe7 28. b3 Qb4 29. Rd3 Re8 30. g5 Kf8 31. g6 Qb6 32. f5 Qc7 33. Qd5
Re1+ 34. Kb2 Qe5+ 35. Qxe5 Rxe5 36. Rd7 Rxf5 37. Rf7+ Ke8 38. Rxb7 Rh5 39. Rxg7
Rxh2 40. Rf7 Rf2 41. Rh7 Kf8 42. Rxh6 Kg7 43. Rh7+ Kxg6 44. Rxa7 f5 45. Ra6+
Kg5 46. Ra8 f4 47. a4 Re2 48. Rg8+ Kh4 49. Rf8 Kg3 50. a5 Re6 51. b4 f3 52. b5
f2 53. Rxf2 Kxf2 54. a6 Ke3 55. a7 Kd4 56. a8=Q Kc4 57. Qa4+ Kc5 58. Qa7+ 1-0

[Event "Mitropa Cup 17th"]
[Site "Montecatini Terme"]
[Date "1997.??.??"]
[Round "4"]
[White "Anic, Darko"]
[Black "Palac, Mladen"]
[Result "1/2-1/2"]
[WhiteElo "2445"]
[BlackElo "2575"]
[PlyCount "92"]
[EventDate "1997.11.07"]
[EventType "team-tourn"]
[EventRounds "9"]
[EventCountry "ITA"]
[Source "ChessBase"]
[SourceDate "1998.03.09"]

1. Nf3 c5 2. g3 g6 3. Bg2 Bg7 4. O-O Nc6 5. d3 d6 6. e4 e5 7. c3 Nge7 8. Nbd2
O-O 9. a3 h6 10. b4 Be6 11. Bb2 Qd7 12. Re1 Rac8 13. Nb3 b6 14. b5 Bxb3 15.
Qxb3 Na5 16. Qa4 c4 17. Nd2 cxd3 18. c4 a6 19. Rac1 Nb7 20. Qb4 Nc5 21. Bc3
axb5 22. Qxb5 Nc6 23. Nb3 Nxb3 24. Qxb3 Nd4 25. Bxd4 d2 26. Bxb6 Ra8 27. Qd3
dxe1=Q+ 28. Rxe1 Rfb8 29. Bc5 Rc8 30. Bb4 Qe6 31. Bf1 Bf8 32. Rd1 Be7 33. h4
Rc6 34. Kh2 Qf6 35. Kg2 Bd8 36. Qd5 Rac8 37. Bxd6 Bb6 38. Rd2 Bd4 39. Rxd4 exd4
40. e5 Qe6 41. Qxd4 Rxc4 42. Bxc4 Rxc4 43. Qd3 Qc8 44. Qf3 Rc1 45. Bb4 h5 46.
Kh2 Qe6 1/2-1/2

[Event "Mitropa Cup 17th"]
[Site "Montecatini Terme"]
[Date "1997.??.??"]
[Round "4"]
[White "Balogh, Tomas"]
[Black "Ptacnikova, Lenka"]
[Result "1-0"]
[WhiteElo "2390"]
[BlackElo "2295"]
[PlyCount "121"]
[EventDate "1997.11.07"]
[EventType "team-tourn"]
[EventRounds "9"]
[EventCountry "ITA"]
[Source "ChessBase"]
[SourceDate "1998.03.09"]

1. d4 Nf6 2. c4 e6 3. Nc3 Bb4 4. Qc2 O-O 5. Bg5 h6 6. Bh4 b6 7. e4 Nc6 8. d5
Nd4 9. Qd3 e5 10. f4 Bd6 11. O-O-O c5 12. dxc6 dxc6 13. Nf3 Qe8 14. Nxe5 c5 15.
Bxf6 gxf6 16. Qg3+ Kh7 17. Ng4 Bxg4 18. Qxg4 f5 19. Qh4 fxe4 20. Nxe4 Qe7 21.
Qxe7 Bxe7 22. Bd3 f5 23. Nc3 Bd6 24. Nd5 Kg7 25. Rde1 Rae8 26. Kd2 Re6 27. Rxe6
Nxe6 28. Rf1 Nd4 29. Re1 Kf7 30. Be2 Nxe2 31. Rxe2 Rb8 32. g3 h5 33. Re3 Rb7
34. Ra3 Ke6 35. Re3+ Kf7 36. Rd3 Ke6 37. Ne3 Rf7 38. Ke2 Bc7 39. Kf3 Bd6 40.
Rd5 Bc7 41. Kg2 h4 42. Kh3 hxg3 43. hxg3 Bd6 44. Kg2 Bc7 45. Rd1 Bd6 46. Rd5
Bc7 47. Nd1 Rg7 48. Kf3 Rh7 49. Nc3 a6 50. Rd2 Rh8 51. Nd5 Bd8 52. a4 Rh7 53.
Re2+ Kd6 54. Ne3 Ke6 55. Nd5+ Kd6 56. Kg2 Rb7 57. Re8 Rd7 58. Re5 b5 59. axb5
axb5 60. cxb5 Rb7 61. Nc3 1-0

[Event "Mitropa Cup 17th"]
[Site "Montecatini Terme"]
[Date "1997.??.??"]
[Round "4"]
[White "Baumegger, Siegfried"]
[Black "Arlandi, Ennio"]
[Result "1/2-1/2"]
[WhiteElo "2485"]
[BlackElo "2470"]
[PlyCount "77"]
[EventDate "1997.11.07"]
[EventType "team-tourn"]
[EventRounds "9"]
[EventCountry "ITA"]
[Source "ChessBase"]
[SourceDate "1998.03.09"]

1. d4 Nf6 2. Nf3 g6 3. c4 Bg7 4. Nc3 O-O 5. e4 d6 6. Be2 e5 7. O-O Nh5 8. Re1
Nf4 9. d5 Nxe2+ 10. Qxe2 h6 11. b4 f5 12. Nd2 Nd7 13. f3 f4 14. c5 Nf6 15. Ba3
Rf7 16. b5 Bf8 17. Nc4 b6 18. cxd6 cxd6 19. Bb4 g5 20. g4 fxg3 21. hxg3 g4 22.
Ne3 gxf3 23. Qxf3 Nxd5 24. Qxf7+ Kxf7 25. Ncxd5 Be6 26. Rf1+ Kg8 27. Rf6 Bxd5
28. Nxd5 Bg7 29. Rxd6 Qg5 30. Rg6 Qxg6 31. Ne7+ Kh7 32. Nxg6 Kxg6 33. Rc1 Bf8
34. Rc6+ Kh5 35. Bd2 Rd8 36. Be3 Bc5 37. Bxc5 bxc5 38. Rxc5 Kg4 39. Rxe5
1/2-1/2

[Event "Mitropa Cup 17th"]
[Site "Montecatini Terme"]
[Date "1997.??.??"]
[Round "4"]
[White "Belotti, Bruno"]
[Black "Weiss, Christian"]
[Result "0-1"]
[WhiteElo "2410"]
[BlackElo "2325"]
[PlyCount "78"]
[EventDate "1997.11.07"]
[EventType "team-tourn"]
[EventRounds "9"]
[EventCountry "ITA"]
[Source "ChessBase"]
[SourceDate "1998.03.09"]

1. e4 c5 2. Nf3 e6 3. d3 Nc6 4. g3 Nf6 5. Bg2 d5 6. Nbd2 Be7 7. O-O b6 8. Re1
Bb7 9. e5 Nd7 10. Nf1 Qc7 11. Bf4 h6 12. h4 O-O-O 13. Qd2 Rdg8 14. h5 g5 15.
hxg6 Rxg6 16. Ne3 Qd8 17. a3 Qg8 18. b4 h5 19. c4 d4 20. Nd5 exd5 21. cxd5 Nd8
22. Nxd4 h4 23. Nf5 Bf8 24. bxc5 hxg3 25. fxg3 Nxc5 26. d4 Qh7 27. dxc5 Bxc5+
28. Be3 Rg5 29. Nd6+ Kb8 30. Ne4 Qh2+ 31. Kf1 Rf5+ 32. Nf2 Ba6+ 33. Re2 Bxe3
34. Qxe3 Bxe2+ 35. Qxe2 Qxg3 36. Be4 Rg5 37. Qb2 Rh2 38. Qd4 Qg1+ 39. Ke2 Rxf2+
0-1

[Event "Mitropa Cup 17th"]
[Site "Montecatini Terme"]
[Date "1997.??.??"]
[Round "4"]
[White "Benitah, Yohan"]
[Black "Rogic, Davor"]
[Result "1-0"]
[WhiteElo "2350"]
[BlackElo "2445"]
[PlyCount "85"]
[EventDate "1997.11.07"]
[EventType "team-tourn"]
[EventRounds "9"]
[EventCountry "ITA"]
[Source "ChessBase"]
[SourceDate "1998.03.09"]

1. d4 d5 2. c4 dxc4 3. e3 e5 4. Bxc4 exd4 5. exd4 Bb4+ 6. Nc3 Nf6 7. Nf3 O-O 8.
O-O Bg4 9. Be2 h6 10. h3 Be6 11. Ne5 Nbd7 12. Nd3 Bd6 13. Nf4 Bxf4 14. Bxf4 Nb6
15. Be5 c6 16. Rc1 Qe7 17. Bd3 Rfd8 18. Bb1 Nbd7 19. Qc2 Nf8 20. Rfe1 Ne8 21.
Rcd1 f6 22. Bf4 Qf7 23. b3 Nd6 24. Qc1 Rac8 25. Qa3 Nf5 26. Qxa7 Ng6 27. Bh2
Ngh4 28. Qc5 Bd5 29. Nxd5 Rxd5 30. Qc3 Rcd8 31. g3 Nxd4 32. Rxd4 Rxd4 33. gxh4
Rd1 34. Bc2 R1d4 35. b4 Kh8 36. Qf3 R4d5 37. Bf5 Rd4 38. a3 c5 39. bxc5 Qc4 40.
Be6 b6 41. Bc7 Rf8 42. cxb6 Qc5 43. Qe3 1-0

[Event "Mitropa Cup 17th"]
[Site "Montecatini Terme"]
[Date "1997.??.??"]
[Round "4"]
[White "Golubovic, Boris"]
[Black "Le Roux, Jean Pierre"]
[Result "1-0"]
[WhiteElo "2435"]
[BlackElo "2265"]
[PlyCount "141"]
[EventDate "1997.11.07"]
[EventType "team-tourn"]
[EventRounds "9"]
[EventCountry "ITA"]
[Source "ChessBase"]
[SourceDate "1998.03.09"]

1. e4 e5 2. Nf3 Nf6 3. d4 exd4 4. e5 Ne4 5. Qxd4 d5 6. exd6 Nxd6 7. Nc3 Nc6 8.
Qf4 Nf5 9. Bb5 Bd6 10. Qe4+ Qe7 11. Bxc6+ bxc6 12. O-O O-O 13. Qxe7 Bxe7 14.
Bf4 Nd6 15. Rfe1 Re8 16. h3 Bb7 17. Rad1 Bf8 18. Na4 Rxe1+ 19. Rxe1 Bc8 20. b3
f6 21. Nd4 Kf7 22. Be3 Nf5 23. Nxf5 Bxf5 24. c3 Bd6 25. Bc5 Be5 26. Bd4 Bd6 27.
Nb2 h5 28. Nc4 Be7 29. b4 g5 30. Na5 Bd7 31. Rd1 Be8 32. Nb3 Bd6 33. a4 Kg6 34.
a5 g4 35. hxg4 hxg4 36. Nc5 Bf7 37. Ne4 Be7 38. Bc5 Bd8 39. Ng3 f5 40. Bxa7 Be7
41. Be3 Bd6 42. Ne2 Bc4 43. Nf4+ Kf6 44. Rd4 Ba6 45. Nd3 Ke6 46. Bf4 Ra7 47.
Bxd6 cxd6 48. Kh2 Rh7+ 49. Kg3 Rh1 50. c4 Ra1 51. Kf4 Ra3 52. Kg5 Rb3 53. b5
cxb5 54. c5 Rxd3 55. Rxd3 dxc5 56. Rd8 b4 57. Kf4 Bf1 58. Ke3 Bxg2 59. a6 b3
60. a7 Ke5 61. Re8+ Kf6 62. a8=Q Bxa8 63. Rxa8 Kg5 64. Rb8 c4 65. Rb4 Kh4 66.
Rxc4 Kh3 67. Rb4 g3 68. fxg3 Kxg3 69. Rxb3 f4+ 70. Ke2+ Kg2 71. Rf3 1-0

[Event "Mitropa Cup 17th"]
[Site "Montecatini Terme"]
[Date "1997.??.??"]
[Round "4"]
[White "Krupkova, Petra"]
[Black "Helbich, Jan"]
[Result "1/2-1/2"]
[WhiteElo "2275"]
[BlackElo "2195"]
[PlyCount "80"]
[EventDate "1997.11.07"]
[EventType "team-tourn"]
[EventRounds "9"]
[EventCountry "ITA"]
[Source "ChessBase"]
[SourceDate "1998.03.09"]

1. d4 Nf6 2. c4 g6 3. Nc3 Bg7 4. e4 d6 5. f4 O-O 6. Nf3 c5 7. d5 e6 8. dxe6
fxe6 9. Be2 Nc6 10. O-O Nh5 11. g3 Nd4 12. Nxd4 Bxd4+ 13. Kg2 Ng7 14. Nb5 e5
15. Nxd4 exd4 16. Bd3 Bd7 17. h3 Bc6 18. Kh2 Qe7 19. Bd2 Rae8 20. Qb3 b6 21.
Rae1 Qb7 22. Qc2 Nh5 23. b4 Nf6 24. e5 dxe5 25. fxe5 Nh5 26. Bh6 Ng7 27. b5 Bd7
28. Be4 Rxf1 29. Rxf1 Qc7 30. Qf2 Be6 31. Bc6 Rc8 32. Bxg7 Qxg7 33. Qe2 Rf8 34.
Rxf8+ Qxf8 35. Bd5 Qf7 36. Bxe6 Qxe6 37. g4 Kg7 38. Kg3 Kg8 39. h4 Qd7 40. Qd3
Qe6 1/2-1/2

[Event "Mitropa Cup 17th"]
[Site "Montecatini Terme"]
[Date "1997.??.??"]
[Round "4"]
[White "Mantovani, Renzo"]
[Black "Tabernig, Bernhard"]
[Result "0-1"]
[WhiteElo "2375"]
[BlackElo "2310"]
[PlyCount "67"]
[EventDate "1997.11.07"]
[EventType "team-tourn"]
[EventRounds "9"]
[EventCountry "ITA"]
[Source "ChessBase"]
[SourceDate "1998.03.09"]

1. e4 e6 2. d4 d5 3. Nc3 Nf6 4. Bg5 Be7 5. Bxf6 Bxf6 6. e5 Be7 7. Qg4 O-O 8.
Bd3 Nd7 9. Nf3 f5 10. Qf4 c5 11. h4 cxd4 12. Nxd4 Qb6 13. O-O-O Nxe5 14. Qxe5
Bf6 15. Nxd5 exd5 16. Qxd5+ Kh8 17. c3 Rd8 18. Rhe1 Bd7 19. Bc2 Rac8 20. g3 g6
21. Qf7 Ba4 22. Bxa4 Rf8 23. Qd7 Rfd8 24. Qf7 Rf8 25. Qd5 Rfd8 26. Qb5 Bxd4 27.
Rxd4 Qxd4 28. Rd1 Qf6 29. Qxb7 Rxd1+ 30. Bxd1 Rd8 31. Qxa7 f4 32. Qc5 fxg3 33.
fxg3 h5 34. a4 0-1

[Event "Mitropa Cup 17th"]
[Site "Montecatini Terme"]
[Date "1997.??.??"]
[Round "4"]
[White "Neubauer, Martin"]
[Black "Bellini, Fabio"]
[Result "0-1"]
[WhiteElo "2315"]
[BlackElo "2415"]
[PlyCount "90"]
[EventDate "1997.11.07"]
[EventType "team-tourn"]
[EventRounds "9"]
[EventCountry "ITA"]
[Source "ChessBase"]
[SourceDate "1998.03.09"]

1. e4 c5 2. Nf3 e6 3. c3 d5 4. exd5 exd5 5. d4 Nc6 6. Be2 Bd6 7. dxc5 Bxc5 8.
O-O Nge7 9. Nbd2 O-O 10. Nb3 Bb6 11. Nbd4 Nxd4 12. Nxd4 Nf5 13. Be3 Nxd4 14.
cxd4 Qh4 15. Bd3 Bg4 16. Qb3 Rad8 17. Rfc1 f5 18. f3 Bh5 19. Qb4 Rfe8 20. Bf2
Qg5 21. Kh1 Re6 22. Re1 Rg6 23. Bg3 Qh6 24. Qe7 Rxg3 25. hxg3 Bxf3+ 26. Qh4
Qxh4+ 27. gxh4 Be4 28. Rad1 Bxd4 29. Bxe4 dxe4 30. g4 g6 31. gxf5 gxf5 32. Re2
Kf7 33. Red2 e3 34. Re2 f4 35. Rf1 Ke6 36. Rxf4 Ke5 37. Rf7 Ke4 38. Kg2 Rg8+
39. Kf1 b5 40. Rxh7 Kd3 41. Rc7 Rg4 42. Rh7 b4 43. a3 bxa3 44. bxa3 Rf4+ 45.
Ke1 Bc3+ 0-1

[Event "Mitropa Cup 17th"]
[Site "Montecatini Terme"]
[Date "1997.??.??"]
[Round "4"]
[White "Orsag, Milan"]
[Black "Mrva, Martin"]
[Result "1/2-1/2"]
[WhiteElo "2350"]
[BlackElo "2395"]
[PlyCount "104"]
[EventDate "1997.11.07"]
[EventType "team-tourn"]
[EventRounds "9"]
[EventCountry "ITA"]
[Source "ChessBase"]
[SourceDate "1998.03.09"]

1. d4 Nf6 2. c4 g6 3. Nc3 Bg7 4. e4 d6 5. f4 O-O 6. Nf3 Na6 7. e5 Ne8 8. Be2 c5
9. dxc5 Nxc5 10. Be3 Be6 11. O-O b6 12. Qe1 dxe5 13. Rd1 Qc7 14. fxe5 Nd7 15.
Nb5 Qc8 16. Qh4 Nxe5 17. Ng5 h5 18. Nxe6 Qxe6 19. Nd4 Qd6 20. Nf5 Bf6 21. Qg3
h4 22. Nxh4 Qe6 23. Nf5 Nd6 24. Nd4 Qc8 25. b3 Bg7 26. Bf4 Nc6 27. Nxc6 Qxc6
28. Bf3 Qc5+ 29. Kh1 Rad8 30. Rd5 Nf5 31. Qe1 Rxd5 32. Bxd5 e6 33. Be4 Rd8 34.
Bg5 Rd7 35. Bxf5 gxf5 36. Qg3 Qe5 37. Qf3 Qe4 38. Qg3 Qe2 39. Rg1 Rd3 40. Qh4
Rd1 41. Be3 e5 42. h3 f4 43. Rxd1 Qxd1+ 44. Bg1 f3 45. Qf2 fxg2+ 46. Kxg2 e4
47. Qf5 Qe2+ 48. Kg3 e3 49. Qg5 Qe1+ 50. Kg2 Qe2+ 51. Kg3 Qe1+ 52. Kg2 Qe2+
1/2-1/2

[Event "Mitropa Cup 17th"]
[Site "Montecatini Terme"]
[Date "1997.??.??"]
[Round "4"]
[White "Pavasovic, Dusko"]
[Black "Forster, Richard"]
[Result "1-0"]
[WhiteElo "2495"]
[BlackElo "2460"]
[PlyCount "49"]
[EventDate "1997.11.07"]
[EventType "team-tourn"]
[EventRounds "9"]
[EventCountry "ITA"]
[Source "ChessBase"]
[SourceDate "1998.03.09"]

1. e4 c5 2. c3 d5 3. exd5 Qxd5 4. d4 Nc6 5. Nf3 cxd4 6. cxd4 e5 7. Nc3 Bb4 8.
Bd2 Bxc3 9. Bxc3 e4 10. Nd2 Nf6 11. Bc4 Qg5 12. d5 Ne5 13. Bb5+ Bd7 14. Bxd7+
Nexd7 15. O-O O-O 16. d6 Rfe8 17. Nc4 Rad8 18. Qd4 Nc5 19. Ne3 Nd3 20. Qxa7
Rxd6 21. Qxb7 Nh5 22. Qc7 Red8 23. Qa5 Qg6 24. Nf5 Re8 25. Ne7+ 1-0

[Event "Mitropa Cup 17th"]
[Site "Montecatini Terme"]
[Date "1997.??.??"]
[Round "4"]
[White "Teske, Henrik"]
[Black "Horvath, Csaba"]
[Result "1/2-1/2"]
[WhiteElo "2515"]
[BlackElo "2530"]
[PlyCount "145"]
[EventDate "1997.11.07"]
[EventType "team-tourn"]
[EventRounds "9"]
[EventCountry "ITA"]
[Source "ChessBase"]
[SourceDate "1998.03.09"]

1. d4 g6 2. Nf3 Bg7 3. c4 d6 4. Nc3 Nd7 5. g3 e5 6. Bg2 Nh6 7. b3 O-O 8. O-O
Re8 9. e4 c6 10. h3 f5 11. dxe5 dxe5 12. exf5 gxf5 13. Bg5 Qa5 14. Bd2 Qc7 15.
Re1 Nf7 16. Ng5 Nxg5 17. Bxg5 Nf8 18. Rc1 Be6 19. Rc2 h6 20. Be3 Rad8 21. Qc1
Kh7 22. Rce2 Ng6 23. Qc2 Rg8 24. Rd2 Rxd2 25. Bxd2 Bf6 26. Ne2 Qd7 27. Bc3 Rd8
28. Nf4 exf4 29. Bxf6 Rf8 30. Bb2 fxg3 31. fxg3 f4 32. gxf4 Bf5 33. Be4 Bxe4
34. Rxe4 Qf5 35. Qg2 Rg8 36. Kf1 Ne5 37. Qh1 Rd8 38. Bd4 Ng6 39. Qf3 c5 40. Bc3
h5 41. Ke2 Rd7 42. Qe3 b6 43. Bd2 Kg7 44. Kd1 Kf7 45. Kc1 Rd8 46. Bc3 Qd7 47.
Kb2 Qf5 48. Qf3 Nh4 49. Qe2 Ng6 50. Qe3 Rd7 51. Qf3 Nh4 52. Qh1 Ng6 53. Re3 Re7
54. Be5 Rxe5 55. Rxe5 Nxe5 56. Qd5+ Kf6 57. Qd6+ Qe6 58. fxe5+ Kf5 59. Qd3+ Kf4
60. Qd2+ Kf5 61. Qf2+ Kxe5 62. Qe2+ Kd6 63. Qxh5 Qe3 64. Qg6+ Kc7 65. Qg7+ Kb8
66. Qg2 Qf4 67. Ka3 Qc1+ 68. Qb2 Qe1 69. Qh2+ Kb7 70. h4 Qc1+ 71. Qb2 Qe1 72.
Qg2+ Ka6 73. h5 1/2-1/2

[Event "Mitropa Cup 17th"]
[Site "Montecatini Terme"]
[Date "1997.??.??"]
[Round "4"]
[White "Tratar, Marko"]
[Black "Moor, Roger"]
[Result "1-0"]
[WhiteElo "2395"]
[BlackElo "2280"]
[PlyCount "59"]
[EventDate "1997.11.07"]
[EventType "team-tourn"]
[EventRounds "9"]
[EventCountry "ITA"]
[Source "ChessBase"]
[SourceDate "1998.03.09"]

1. Nf3 Nf6 2. c4 g6 3. Nc3 d5 4. Qa4+ Bd7 5. Qb3 dxc4 6. Qxc4 Bg7 7. e4 O-O 8.
e5 Ne8 9. d4 c6 10. h4 h5 11. Qb3 Qb6 12. Qa3 Na6 13. Bxa6 bxa6 14. Be3 Nc7 15.
Qxe7 Bg4 16. Ng5 Ne6 17. Nxe6 Bxe6 18. O-O Qxb2 19. Ne4 Bxa2 20. Nf6+ Kh8 21.
Rac1 Bd5 22. Nxd5 cxd5 23. Ra1 Qb6 24. Rfb1 Qc6 25. Rc1 Qb6 26. Rab1 Qe6 27.
Qxe6 fxe6 28. Rc6 Rae8 29. Rb7 Rc8 30. Rxe6 1-0

[Event "Mitropa Cup 17th"]
[Site "Montecatini Terme"]
[Date "1997.??.??"]
[Round "4"]
[White "Varga, Zoltan"]
[Black "Prusikin, Michael"]
[Result "1-0"]
[WhiteElo "2495"]
[BlackElo "2450"]
[PlyCount "69"]
[EventDate "1997.11.07"]
[EventType "team-tourn"]
[EventRounds "9"]
[EventCountry "ITA"]
[Source "ChessBase"]
[SourceDate "1998.03.09"]

1. e4 c6 2. c4 e5 3. Nf3 d6 4. d4 Nd7 5. Nc3 Ngf6 6. Be2 g6 7. O-O Bg7 8. d5 c5
9. Ne1 O-O 10. Nd3 Ne8 11. Be3 Qe7 12. Qd2 f5 13. exf5 gxf5 14. f4 b6 15. Rae1
Kh8 16. b3 Qf6 17. fxe5 dxe5 18. Bh5 f4 19. Bxe8 fxe3 20. Qxe3 Qe7 21. Rxf8+
Qxf8 22. Bxd7 Bxd7 23. Nxe5 Re8 24. Qg3 Bf5 25. Nb5 Qf6 26. Nd6 Rf8 27. Rf1
Qxe5 28. Qxe5 Bxe5 29. Nxf5 h5 30. g3 a6 31. Kg2 Kh7 32. Rf3 b5 33. Ne7 Re8 34.
Rf7+ Kh6 35. Kh3 1-0

[Event "Mitropa Cup 17th"]
[Site "Montecatini Terme"]
[Date "1997.??.??"]
[Round "4"]
[White "Wilhelmi, Christian"]
[Black "Czebe, Attila"]
[Result "1/2-1/2"]
[WhiteElo "2405"]
[BlackElo "2480"]
[PlyCount "82"]
[EventDate "1997.11.07"]
[EventType "team-tourn"]
[EventRounds "9"]
[EventCountry "ITA"]
[Source "ChessBase"]
[SourceDate "1998.03.09"]

1. c4 b6 2. d4 Bb7 3. Nc3 e6 4. e4 Bb4 5. f3 f5 6. exf5 Nh6 7. fxe6 Nf5 8. Bf4
O-O 9. Qd2 dxe6 10. O-O-O Nc6 11. d5 Bxc3 12. bxc3 exd5 13. Qxd5+ Kh8 14. Qxd8
Raxd8 15. Nh3 Rxd1+ 16. Kxd1 Nd8 17. Bd2 Ne6 18. Be2 Ba6 19. Re1 Nd6 20. Ng5
Nxg5 21. Bxg5 Rf5 22. Be7 Nxc4 23. Bxc4 Bxc4 24. a3 Ra5 25. Kc2 c5 26. Ra1 Bf7
27. Bd6 Bg6+ 28. Kd2 Rb5 29. Ke3 Kg8 30. Be5 c4 31. Bd4 Rb2 32. g4 Rxh2 33. a4
Bd3 34. Kf4 Rh3 35. Re1 Kf7 36. Re5 h5 37. g5 Rh4+ 38. Ke3 Rh2 39. Rd5 Ke6 40.
Re5+ Kd6 41. a5 Rg2 1/2-1/2

[Event "Mitropa Cup 17th"]
[Site "Montecatini Terme"]
[Date "1997.??.??"]
[Round "4"]
[White "Wirthensohn, Heinz"]
[Black "Grosar, Aljosa"]
[Result "1/2-1/2"]
[WhiteElo "2365"]
[BlackElo "2455"]
[PlyCount "26"]
[EventDate "1997.11.07"]
[EventType "team-tourn"]
[EventRounds "9"]
[EventCountry "ITA"]
[Source "ChessBase"]
[SourceDate "1998.03.09"]

1. Nf3 Nf6 2. c4 c5 3. b3 g6 4. Bb2 Bg7 5. g3 b6 6. Bg2 Bb7 7. O-O O-O 8. Nc3
Na6 9. d3 d5 10. Nxd5 Nxd5 11. Bxg7 Kxg7 12. cxd5 Qxd5 13. Rc1 Nb4 1/2-1/2

[Event "Mitropa Cup 17th"]
[Site "Montecatini Terme"]
[Date "1997.??.??"]
[Round "4"]
[White "Zelcic, Robert"]
[Black "Marzolo, Cyril"]
[Result "1-0"]
[WhiteElo "2530"]
[BlackElo "2320"]
[PlyCount "67"]
[EventDate "1997.11.07"]
[EventType "team-tourn"]
[EventRounds "9"]
[EventCountry "ITA"]
[Source "ChessBase"]
[SourceDate "1998.03.09"]

1. e4 c5 2. Nf3 Nc6 3. d4 cxd4 4. Nxd4 g6 5. c4 Nf6 6. Nc3 d6 7. Nc2 Bg7 8. Be2
Nd7 9. Bd2 a5 10. O-O O-O 11. Qc1 Nc5 12. Bh6 Be6 13. Bxg7 Kxg7 14. Qe3 Qb6 15.
Rab1 Nd7 16. Qd2 f5 17. Nd5 Bxd5 18. exd5 Nce5 19. Nd4 Nc5 20. Qe3 Kh8 21. Ne6
Rfc8 22. Kh1 Qb4 23. Ng5 h6 24. Ne6 Kh7 25. f4 Nxe6 26. fxe5 Qc5 27. Qg3 Ng7
28. Rbe1 dxe5 29. Qxe5 e6 30. Bf3 exd5 31. Bxd5 Qc7 32. Qf6 Ra6 33. Qh4 Qd8 34.
Re7 1-0

[Event "Mitropa Cup 17th"]
[Site "Montecatini Terme"]
[Date "1997.??.??"]
[Round "5"]
[White "Arlandi, Ennio"]
[Black "Ekstroem, Roland"]
[Result "1/2-1/2"]
[WhiteElo "2470"]
[BlackElo "2475"]
[PlyCount "63"]
[EventDate "1997.11.07"]
[EventType "team-tourn"]
[EventRounds "9"]
[EventCountry "ITA"]
[Source "ChessBase"]
[SourceDate "1998.03.09"]

1. d4 Nf6 2. c4 e6 3. Nc3 Bb4 4. e3 c5 5. Nge2 cxd4 6. exd4 O-O 7. a3 Be7 8. d5
exd5 9. cxd5 Re8 10. d6 Bf8 11. g3 Ne4 12. Nxe4 Rxe4 13. Bf4 Qa5+ 14. Qd2 Qxd2+
15. Kxd2 Nc6 16. Rd1 b6 17. Bg2 Re8 18. Nd4 Bb7 19. Nb5 Rab8 20. Nc7 Rec8 21.
g4 Nd8 22. Bxb7 Nxb7 23. Ke2 a5 24. Rd5 h5 25. gxh5 Bxd6 26. Bxd6 Nxd6 27. Na6
Ra8 28. Rxd6 Rxa6 29. Rhd1 Rc5 30. h6 gxh6 31. Rxh6 Rb5 32. Rxd7 1/2-1/2

[Event "Mitropa Cup 17th"]
[Site "Montecatini Terme"]
[Date "1997.??.??"]
[Round "5"]
[White "Brod, Manfred"]
[Black "Krupkova, Petra"]
[Result "0-1"]
[WhiteElo "2270"]
[BlackElo "2275"]
[PlyCount "80"]
[EventDate "1997.11.07"]
[EventType "team-tourn"]
[EventRounds "9"]
[EventCountry "ITA"]
[Source "ChessBase"]
[SourceDate "1998.03.09"]

1. e4 c5 2. Nf3 d6 3. d4 cxd4 4. Nxd4 Nf6 5. Nc3 a6 6. Be2 e6 7. O-O Be7 8. f4
Qc7 9. a4 Nc6 10. Be3 O-O 11. Kh1 Re8 12. Bd3 Nb4 13. a5 Bd7 14. Qf3 Nxd3 15.
cxd3 Bc6 16. Qg3 Nd7 17. Qf2 d5 18. e5 Bb4 19. Nb3 g6 20. Rfc1 Qd8 21. Bd4 Rc8
22. Qe3 Kg7 23. Rf1 Kg8 24. Rf3 Bf8 25. Rh3 Bg7 26. Nd2 Bb5 27. Nf3 Qe7 28. g4
f6 29. Re1 Qb4 30. exf6 Nxf6 31. Ne5 Nxg4 32. Nxg4 Qxd4 33. Nh6+ Kf8 34. Qe2
Bxh6 35. Rxh6 Kg7 36. Rh3 Rf8 37. Qxe6 Rce8 38. Nxb5 Rxe6 39. Nxd4 Rxe1+ 40.
Kg2 Rxf4 0-1